000 00575nam a22001817a 4500
005 20251108165837.0
008 250721s1993 xx 000 0 ara d
082 1 4 _aط/925/دني
100 1 _aأبو دنيا، محمد حسن
245 1 0 _aالحسن بن الهيثم /
264 1 _aالقاهرة :
_bدار الكتاب المصري،
_c1993.
300 _a16ص
490 0 _aنوابغ المسلمين في العلم و المعرفة ؛ 1
650 1 7 _aالتراجم
653 _aناشئون صغار (10-14) سنة
942 _2ddc
_cBK
999 _c32736
_d32736